| 000 | 02269nam a22002537a 4500 | ||
|---|---|---|---|
| 999 |
_c58504 _d58504 |
||
| 003 | Ge_BSU | ||
| 005 | 20220506123810.0 | ||
| 008 | 220506s2021 ge ||||| |||| 00| 0 geo d | ||
| 020 | _a9789941978470 | ||
| 041 | _ageo | ||
| 080 | _a903.2(479.223) კ-36 | ||
| 100 |
_aკახიძე, ამირან _913708 |
||
| 245 |
_aფერადი ლითონების მეტალურგიასთან დაკავშირებული ახლადაღმოჩენილი კულტურა : _b(ნოვაციები, გავრცელების არეალი, ძირითადი მახასითებლები, პერსპექტივები. ძვ. წ. V-II ათასწლეული) _cამირან კახიძე; მთარგმნელი ნინო გაბუნია; აჭარის ავტონომიური რესპუბლიკის განათლების, კულტურისა და სპორტის სამინისტრო. აჭარის კულტურული მემკვიდრეობის დაცვის სააგენტო. ბათუმის არქეოლოგიური მუზეუმი. |
||
| 264 |
_aბათუმი, _c2021. |
||
| 300 |
_a288 გვ.: _bილ.; _c30 სმ. |
||
| 501 | _aილუსტრაციები გვ. 217-288 | ||
| 504 | _aბიბლიოგრ. გვ. 207-212 | ||
| 546 | _aპარალ. სათ. ინგლისურ ენაზე | ||
| 653 | _aარქეოლოგია | ||
| 653 | _aფერადი ლითონები | ||
| 700 |
_aგაბუნია, ნინო _eმთარგმნელი _97649 |
||
| 710 |
_aაჭარის ავტონომიური რესპუბლიკის განათლების, კულტურისა და სპორტის სამინისტრო. აჭარის კულტურული მემკვიდრეობის დაცვის სააგენტო. _bბათუმის არქეოლოგიური მუზეუმი. _913709 |
||
| 942 |
_2udc _cBK |
||